Dataset Closed Access
Mir Hosseini, Seyed Hossein
<?xml version='1.0' encoding='UTF-8'?>
<record xmlns="http://www.loc.gov/MARC21/slim">
<leader>00000nmm##2200000uu#4500</leader>
<datafield tag="100" ind1=" " ind2=" ">
<subfield code="a">Mir Hosseini, Seyed Hossein</subfield>
</datafield>
<datafield tag="980" ind1=" " ind2=" ">
<subfield code="a">dataset</subfield>
</datafield>
<controlfield tag="005">20260506075301.0</controlfield>
<datafield tag="909" ind1="C" ind2="O">
<subfield code="o">oai:rodare.hzdr.de:4638</subfield>
<subfield code="p">openaire_data</subfield>
<subfield code="p">user-rodare</subfield>
</datafield>
<datafield tag="260" ind1=" " ind2=" ">
<subfield code="c">2026-05-04</subfield>
</datafield>
<datafield tag="520" ind1=" " ind2=" ">
<subfield code="a"><p>Backup for the aiida-datagen and related scripts.&nbsp;</p></subfield>
</datafield>
<datafield tag="773" ind1=" " ind2=" ">
<subfield code="a">https://www.hzdr.de/publications/Publ-43337</subfield>
<subfield code="i">isIdenticalTo</subfield>
<subfield code="n">url</subfield>
</datafield>
<datafield tag="773" ind1=" " ind2=" ">
<subfield code="a">10.14278/rodare.4637</subfield>
<subfield code="i">isVersionOf</subfield>
<subfield code="n">doi</subfield>
</datafield>
<datafield tag="245" ind1=" " ind2=" ">
<subfield code="a">datagen</subfield>
</datafield>
<controlfield tag="001">4638</controlfield>
<datafield tag="024" ind1=" " ind2=" ">
<subfield code="a">10.14278/rodare.4638</subfield>
<subfield code="2">doi</subfield>
</datafield>
<datafield tag="980" ind1=" " ind2=" ">
<subfield code="a">user-rodare</subfield>
</datafield>
<datafield tag="542" ind1=" " ind2=" ">
<subfield code="l">closed</subfield>
</datafield>
</record>
| All versions | This version | |
|---|---|---|
| Views | 43 | 43 |
| Downloads | 2 | 2 |
| Data volume | 76.1 GB | 76.1 GB |
| Unique views | 36 | 36 |
| Unique downloads | 2 | 2 |